Flagi z kolorem zielonym - Statystyki

Ogólne statystyki
  • Ten quiz został rozwiązany 9 razy
  • Średni wynik to 15 z 23
Statystyki odpowiedzi
Hint Odpowiedź % Poprawnych
Ma czerwone koło Bangladesz
100%
Stolicą jest mińsk Białoruś
88%
Największe państwo w Ameryce południowej Brazylia
88%
Graniczy z turcją Bułgaria
88%
Nie ma żadnych symboli ma 3 pionowe pasy 1 i 3 jest zielony a środkowy biały Nigeria
88%
Na północy są Himalaje Pakistan
88%
Leży nad oceanem Atlantyckim graniczy z Mali Senegal
88%
Znajduje się tam najbogatsze miasto swiata Arabia Saudyjska
75%
Przepływa tam rzeka Ganges Indie
75%
Tworzyła kiedyś Rzecz Obojga Narodów Litwa
75%
Z stamtąd pochodzi znany piłkarz Portugalia
75%
Nie mają dostępu do morza Węgry
75%
Słynie z ostrego jedzenia Meksyk
63%
Ma dostęp do dwóch oceanów i jest w Afryce Rpa
63%
Jest tam popularna piłka nożna kraj w Afryce Ghana
50%
Należy do uni europejskiej Irlandia
50%
Na środku flagi na żółtą gwiazdę Kamerun
50%
Ma na swojej fladze rysunek lwa Sri lanka
50%
Jest tam jedna , najwyższej położonych stolic Boliwia
38%
Jest to kraj bardzo górzysty Iran
38%
Większa część kraju to są pustynie Mali
25%
Stolicą jest Lusaka Zambia
25%
Ma 6 sąsiadów jest to kraj górzysty Gwinea
13%
Nie znaleziono quizów pasujących do podanych kryteriów
Rozkład punktacji
Procent ludzi z każdym wynikiem
Percentyl według liczby udzielonych odpowiedzi
Twoja historia wyników
Nie rozwiązałeś tego quizu